| 000 | 00350nam a2200145Ia 4500 | ||
|---|---|---|---|
| 005 | 20251222140054.0 | ||
| 008 | 251222s1900||||xx |||||||||||||| ||spa|| | ||
| 020 | _a9788429321807 | ||
| 082 | _a241/L87 | ||
| 100 | _aLópez Azpitarte, Eduardo | ||
| 245 | 0 | _aLa Crisis de la Moral | |
| 250 | _a1ra.ed. | ||
| 264 | _bEditorial Sal Terrae | ||
| 942 | _cLIB | ||
| 999 |
_c3687 _d3687 |
||